[Úvodné vystúpenie na konferencii Katedry služieb a cestovného ruchu, Obchodnej fakulty EU v Bratislave]

Saved in:
Bibliographic Details
Main Author: Daňo, Ferdinand, 1959-
Format: Book Chapter
Language:Slovak
Tags: Add Tag
No Tags, Be the first to tag this record!

MARC

LEADER 00000naa$a2200000$$$4500
001 0151981
005 20240502072720.9
041 0 |a slo 
044 |a SK 
245 1 0 |a [Úvodné vystúpenie na konferencii Katedry služieb a cestovného ruchu, Obchodnej fakulty EU v Bratislave]  |c Ferdinand Daňo 
100 1 |a Daňo, Ferdinand, 1959-